| 000 | 00492nam a2200169Ia 4500 | ||
|---|---|---|---|
| 008 | 240729s9999 xx 000 0 und d | ||
| 022 | _a2673-530X | ||
| 245 | 0 | _aFrontiers in Communications and Networks | |
| 260 | _aSwitzerland | ||
| 260 | _bFrontiers Media S.A. | ||
| 650 | _a Communication. Mass media | ||
| 650 | _a Philology. Linguistics | ||
| 650 | _aLanguage and Literature | ||
| 856 | _uhttps://doaj.org/toc/8832c43bcff94509b02d53ae34dac845 | ||
| 942 | _2ddc | ||
| 942 | _cDOAJEJ | ||
| 999 |
_c67344 _d67344 |
||
| 945 |
_a1 _bMadushi Gamage _c1 _dMadushi Gamage |
||